| 000 | 00648nam a22002537a 4500 | ||
|---|---|---|---|
| 003 | UA-OsUOA | ||
| 001 | 20787 | ||
| 007 | ta | ||
| 008 | 20031104b un ||||| |||| 00| 0 ukr d | ||
| 100 | _aИоффе Я. А. | ||
| 090 |
_a94(100) _bИ75 |
||
| 942 | _cBK | ||
| 040 |
_aUA-OsUOA _brus _cUA-OsUOA _dUA-OsUOA |
||
| 245 |
_aМы и планета _bЦифры и факты |
||
| 300 | _a256 с. | ||
| 955 | _a0 | ||
| 041 | _arus | ||
| 080 | _a94(100) | ||
| 020 | _a5-250-00055-X | ||
| 260 |
_aМосква _bИздательство политеческой литературы _c1988 |
||
| 044 | _aRU | ||
| 650 | 7 | _2UDC | |
| 999 |
_c306971 _d306971 |
||